|
|
|
|
| LEADER |
00000Cam a2200000 a 4500 |
| 001 |
vtls001453786 |
| 003 |
SK-MaSNL |
| 005 |
20260425222438.0 |
| 008 |
251113s2002 xo f 000 0 slo |
| 015 |
|
|
|a SNBA2004/02-00711
|
| 035 |
|
|
|a SNK000409093
|
| 035 |
|
|
|a urn:nbn:sk:snk-am3hduw
|
| 035 |
|
|
|a 73C5029F-F8B8-4750-8646-258DB4454CAC
|
| 035 |
|
|
|a urn:nbn:sk:snk-am00c4sv
|
| 040 |
|
|
|a SNK
|b slo
|c SNK
|e AACR2
|
| 041 |
0 |
|
|a slo
|
| 043 |
|
|
|a e-xo---
|
| 044 |
|
|
|a xo
|c SK
|
| 072 |
|
7 |
|a 330.5+338
|x Národné hospodárstvo a hospodárska politika
|2 konspekt
|
| 080 |
|
|
|a 311.312(437.6)
|2 2. slo
|
| 080 |
|
|
|a 64.066.2
|2 2. slo
|
| 080 |
|
|
|a 64.066.2(437.6)(083.41)
|2 2. slo
|
| 080 |
|
|
|a 330.567.2(083.41)
|2 2. slo
|
| 080 |
|
|
|a 330.567.22
|2 2001
|
| 080 |
|
|
|a (437.6)
|2 2001
|
| 100 |
1 |
|
|a Mokrášová, Viera,
|d 1945-
|4 aut
|9 100481
|
| 245 |
1 |
0 |
|a Konečná spotreba domácností
|b (mikroekonomické a makroekonomické súvislosti)
|c Viera Mokrášová
|
| 250 |
|
|
|a [1. vyd.]
|
| 260 |
|
|
|a Bratislava
|b Prognostický ústav SAV
|c 2002
|
| 300 |
|
|
|a 15 s., 27 tab. na príl.
|b tab.
|c 30 cm
|
| 490 |
1 |
|
|a Pracovné materiály = Working papers
|v č. 6
|x 0862-9137
|
| 500 |
|
|
|a 45 výtl.
|
| 504 |
|
|
|a Bibliogr. s. 15. Res. angl.
|
| 650 |
0 |
7 |
|a domácnosti
|x spotreba
|x súvislosti mikroekonomické
|x súvislosti makroekonomické
|x štatistiky
|2 SNK
|9 301462
|
| 650 |
0 |
7 |
|a individuálna spotreba
|2 phsnk
|9 67657
|
| 650 |
0 |
7 |
|a príjmy
|2 phsnk
|9 2317
|
| 650 |
0 |
7 |
|a životná úroveň
|2 phsnk
|9 2211
|
| 650 |
0 |
7 |
|a štatistika
|x štúdie
|2 SNK
|9 301463
|
| 650 |
0 |
7 |
|a domácnosti
|x spotreba
|z Slovensko
|x štúdie
|2 SNK
|9 301464
|
| 650 |
0 |
7 |
|a individuálna spotreba
|2 SNKPH
|9 67657
|
| 650 |
0 |
7 |
|a Consumption (economics)
|2 SNKPHeng
|9 275478
|
| 651 |
|
7 |
|a Slovensko
|2 SNKPH
|9 14231
|
| 651 |
|
7 |
|a Slovakia
|2 SAVUKPHeng
|9 92630
|
| 655 |
|
7 |
|a príručky
|2 SNK
|9 74364
|
| 655 |
|
7 |
|a štúdie
|2 SNK
|9 57033
|
| 655 |
|
7 |
|a štatistiky
|2 SNK
|9 70182
|
| 655 |
|
7 |
|a brožúry
|2 SNK
|9 70146
|
| 655 |
|
7 |
|a pracovné materiály
|2 SNKPH
|9 289377
|
| 830 |
|
0 |
|a Pracovné materiály
|9 283068
|
| 958 |
|
|
|a OND
|
| 958 |
0 |
7 |
|a NB
|
| 968 |
|
|
|d 30/31
|
| 999 |
|
|
|c 557367
|d 559297
|
| 952 |
|
|
|t P60, <03>, [BOOK], {603}
|a SNK
|b SNK
|y PREZ
|7 0
|p 17A0384540
|o snkSB 66700
|i snkKSP 6222/2003
|0 0
|1 0
|4 0
|d 2003-05-22
|f 1
|l 0
|r 2025-04-23 00:00:00
|w 2026-02-23
|
| 952 |
|
|
|a SNK
|b SNK
|y VYP
|7 0
|p 17A0384539
|o snkSB 66700 D1
|i snkKSP 6223/2003
|0 0
|1 0
|4 0
|d 2003-05-22
|l 0
|r 2005-01-02 00:00:00
|w 2026-02-23
|